000 00937cam a2200277 a 4500
001 2618482
003 OSt
005 20160216153448.0
008 980420s1998 txu b 000 0 eng
010 _a 98060231
020 _a1556710623
040 _aDLC
_cDLC
050 0 0 _aBS 511.3
_b.S86 VOL.51
082 0 0 _a227/.7077
_221
100 1 _aKing, Martha.
_924862
245 1 3 _aAn exegetical summary of Colossians /
_cMartha King.
260 _aDallas, TX :
_bSummer Institute of Linguistics,
_cc1998.
300 _a352 p. ;
_c23 cm.
490 _aSummer Institute of Linguistics;
_vV. 51
504 _aIncludes bibliographical references
630 0 0 _aBible.
_pColossians
_xCriticism, interpretation, etc.
_924863
630 0 0 _aBible
_pColossians
_xTranslating.
_939369
906 _a7
_bcbc
_corignew
_d2
_eopcn
_f19
_gy-gencatlg
942 _2lcc
_cREF
999 _c62291
_d62265